|
|
|
|
| LEADER |
01070nam a2200277 a 4500 |
| 001 |
c000124126 |
| 003 |
CARM |
| 005 |
00000000000000.0 |
| 008 |
920408s1993 nyuab b 00100 eng |
| 010 |
|
|
|a 92014539
|
| 019 |
1 |
|
|a 9008215
|5 LACONCORD2021
|
| 020 |
|
|
|a 0195074467 (pbk. : acid-free paper)
|
| 020 |
|
|
|a 0195074459 (c : acid-free paper)
|
| 035 |
|
|
|a (OCoLC)25747464
|5 LACONCORD2021
|
| 050 |
0 |
0 |
|a HC21
|b .C33 1993
|
| 082 |
0 |
0 |
|a 330.9
|2 20
|
| 100 |
1 |
|
|a Cameron, Rondo E.
|
| 245 |
1 |
2 |
|a A concise economic history of the world :
|b from Paleolithic times to the present /
|c Rondo Cameron.
|
| 250 |
|
|
|a 2nd ed.
|
| 260 |
|
|
|a New York :
|b Oxford University Press,
|c 1993.
|
| 300 |
|
|
|a xxi, 454 p. :
|b ill., maps ;
|c 25 cm.
|
| 504 |
|
|
|a Includes bibliographical references (p. 407-433) and index.
|
| 650 |
|
0 |
|a Economic history.
|
| 852 |
8 |
|
|b CARM
|h A2:AH15E0
|i C03466
|p 0124435
|f BK
|
| 999 |
f |
f |
|i 69bcda87-d2d1-5157-ae90-fd0f0b3e2c7e
|s 51d6de22-913e-58c4-8f30-d6a52ed439d4
|
| 952 |
f |
f |
|p Can circulate
|a CAVAL
|b CAVAL
|c CAVAL
|d CARM 1 Store
|e C03466
|f A2:AH15E0
|h Other scheme
|i book
|m 0124435
|